000 00504nam a22001817a 4500
003 CEME
005 20210628202329.0
008 210302b xxu||||| |||| 00| 0 eng d
020 _a0-471-84933-2
040 _c.
082 _a620.112 RIL
100 _aZachary, Loren.W Riley, William.F
_959372
245 _aIntroduction to mechanics of materials
260 _aNEW YORK
_bJOHN WILEY
_c1989
300 _aXV,747P
650 _aSTRENGTH OF MATERIALS; STRUCTURES, THEORY OF
_959373
942 _cBK
_2ddc
999 _c569376
_d569376